000 00286 a2200097 4500
020 _a9789332552456
100 _aMichael Miller
245 _aThe internet of things: how smart TVs, smart cars, smart home, and smart cities are changing the world
260 _bPearson
_c2022
942 _cOO
999 _c115399
_d115398